Music Quiz

Random Music or Album Quiz

1970s Artists on Their Album Cover Quiz Stats

 Plays Quiz Updated Mar 7, 2014

Score 0/25 Timer 07:00
6 Plays Today
Artist % Correct
David Bowie (Aladdin Sane)
96.6%
KISS (love Gun)
90.3%
Queen (Queen II)
89.5%
Alice Cooper (From the Inside)
85.1%
Bruce Springsteen (Darkness on the Edge...)
84.1%
Rod Stewart (A Night on the Town)
83.3%
Fleetwood Mac (Rumours)
82.1%
Bee Gees (Children of the World)
79.9%
Blondie (Parallel Lines)
75.6%
Elton John (Elton John)
71.9%
Marvin Gaye (Whats Going On)
71.7%
Willie Nelson (Red-headed Stranger)
70.9%
Elvis Costello (This Years Model)
70.2%
Artist % Correct
The Stooges (Raw Power)
68.5%
Janis Joplin (Pearl)
64%
The Police (Reggatta de Blanc)
61.8%
Billy Joel (52nd Street)
60.1%
Ramones (Rocket to Russia)
59.1%
Carole King (Tapestry)
50.9%
Eric Clapton (Eric Clapton)
48.5%
Stevie Wonder (Music of My Mind)
46.2%
Aerosmith (Aerosmith)
38.9%
Deep Purple (Machine Head)
30.3%
New York Dolls (New York Dolls)
21.8%
Steve Miller Band (Fly Like an Eagle)
17.4%

You're not logged in!

Compare scores with friends on all Sporcle quizzes.
Join for Free
OR
Log In

You Might Also Like...

Show Comments

Extras

Top Quizzes Today


Score Distribution

Your Account Isn't Verified!

In order to create a playlist on Sporcle, you need to verify the email address you used during registration. Go to your Sporcle Settings to finish the process.

Report this User

Report this user for behavior that violates our Community Guidelines.

Details: